Quiz rap français - Statistiques

Statistiques générales
  • Ce quiz a été pris 293 fois
  • Le résultat moyen est 26 sur 45
Statistiques - réponses
Question Tuile Select % Correct
Chansons de PLK Au DD Non
94%
Chansons de PLK Madrina Non
94%
Chansons de PNL Copine Non
91%
Chansons de PNL C93 Non
89%
Chansons de PNL Elle Non
89%
Chansons de PLK Comme pas deux Non
87%
Chansons de PNL Possédé Non
87%
Chansons de PLK Copine Oui
83%
Chansons de PNL Dans la légende Oui
80%
Chansons de PNL Hasta la vista Oui
80%
Chansons de Jok'air Las Vegas Oui
80%
Chansons de Dinos Stars Non
79%
Chansons de PLK Nouvelles Oui
77%
Chansons de Jok'air San Francisco Non
77%
Chansons de Dinos Placebo Oui
75%
Chansons de Dinos 10' Non
74%
Chansons de PNL Luz de Luna Oui
74%
Chansons de PLK Demain Oui
73%
Chansons de Jok'air Big Daddy Jok Oui
72%
Chansons de Jok'air Santa Monica Non
72%
Chansons de Jok'air J'aime bien! Non
70%
Chansons de PNL Tempête Oui
66%
Chansons de Josman La seule qui m'aime pour de vrai Non
62%
Chansons de Dinos Stockholm Non
61%
Chansons de Josman Freestyle Non
59%
Chansons de Josman Ne pleure pas Non
58%
Chansons de Josman Un Zder, un Thé Oui
54%
Chansons de PNL Déconnecté Oui
52%
Chansons de PLK Hola Oui
52%
Chansons de Dinos Demain n'existe plus Oui
43%
Chansons de Dinos Les pleurs du mal Oui
43%
Chansons de PLK Pourtant Oui
43%
Chansons de Dinos Arob@se Oui
40%
Chansons de PLK Hier Oui
39%
Chansons de Josman Décisions Oui
29%
Chansons de Josman Si tu savais Oui
29%
Chansons de Josman À notre âge Oui
27%
Chansons de Jok'air Nuit et jour Oui
27%
Chansons de Josman BAG (Skit) Oui
23%
Chansons de Dinos Les pleurs du mâle Oui
23%
Chansons de Jok'air Gogo Oui
21%
Chansons de Jok'air Mini Star Oui
18%
Chansons de Josman Best Life Oui
16%
Chansons de Jok'air Soulja Boy Oui
13%
Chansons de Dinos Puta Madre Oui
10%
Aucun quiz correspondant
Distribution des résultats
% des personnes avec chaque résultat
Percentile par nombre de réponses
Votre historique - résultats
Vous n’avez pas pris ce quiz